McDonald's - značka na prenájom

Značka McDonald's predstavuje fungujúci systém franchisingu, reštaurácie rýchleho občerstvenia. Prvá reštaurácia systému McDonald's. Pojem franchising. Príprava franchisistov. Cenová stratégia McDonald's. Kvalita a jej kontrola. McDonald's Slovakia. Logo spoločnosti.

Salvato in:
Dettagli Bibliografici
Autore principale: Kapšová, Renata
Natura: Capitolo di libro
Lingua:slovacco
Soggetti:
Tags: Aggiungi Tag
Nessun Tag, puoi essere il primo ad aggiungerne!!

MARC

LEADER 00000naa a2200000 4500
001 r034740
005 20230929095956.1
041 0 |a slo 
044 |a SK 
245 1 0 |a McDonald's - značka na prenájom  |c Renata Kapšová 
520 |a Značka McDonald's predstavuje fungujúci systém franchisingu, reštaurácie rýchleho občerstvenia. Prvá reštaurácia systému McDonald's. Pojem franchising. Príprava franchisistov. Cenová stratégia McDonald's. Kvalita a jej kontrola. McDonald's Slovakia. Logo spoločnosti. 
610 2 0 |a franchising 
610 2 0 |a stravovanie spoločné 
610 2 0 |a McDonald's 
610 2 0 |a stratégia obchodná 
610 2 0 |a reštaurácie 
610 2 0 |a logo 
610 2 0 |a Slovensko 
610 2 0 |a známky ochranné 
100 1 |a Kapšová, Renata